[Event "Aktobe Dvorkovich op-A"]
[Site "Aktobe"]
[Date "2025.06.25"]
[Round "4"]
[White "Sargsyan, Shant"]
[Black "Agibileg, Uurtsaikh"]
[Result "1/2-1/2"]
[WhiteElo "2669"]
[BlackElo "2384"]
[PlyCount "74"]
[EventDate "2025.06.22"]
[EventType "swiss"]
[EventRounds "9"]
[EventCountry "KAZ"]
[SourceTitle "CB27_2025"]
[SourceDate "2025.07.02"]
[SourceVersion "1"]
[SourceVersionDate "2025.07.02"]
[SourceQuality "1"]

1. e4 c5 2. Nf3 e6 3. d4 cxd4 4. Nxd4 a6 5. h3 Nf6 6. Bd3 d5 7. e5 Ne4 8. 0-0 Nc5 9. Qg4 Nc6 10. Nf3 h5 11. Qf4 g6 12. Nc3 Bg7 13. Re1 0-0 14. Ne2 Nxd3 15. cxd3 f6 16. exf6 Qxf6 17. Qxf6 Bxf6 18. Nf4 Nd4 19. Nxg6 Nxf3+ 20. gxf3 Rf7 21. Ne5 Bxe5 22. Rxe5 Rxf3 23. Rxh5 e5 24. Rxe5 Bxh3 25. Re3 Raf8 26. d4 Bg4 27. Rxf3 Bxf3 28. Kh2 Be4 29. Be3 Kf7 30. Rc1 Ke6 31. Rc7 Rf7 32. Rc8 Kf5 33. Rg8 Kf6 34. Bg5+ Ke6 35. Be3 Kf6 36. Kh3 Bf5+ 37. Kg3 Rg7+ 1/2-1/2

[Event "Aktobe Dvorkovich op-A"]
[Site "Aktobe"]
[Date "2025.06.22"]
[Round "1"]
[White "Goutham Krishna, H."]
[Black "Sargsyan, Shant"]
[Result "1-0"]
[WhiteElo "2427"]
[BlackElo "2669"]
[PlyCount "165"]
[EventDate "2025.06.22"]
[EventType "swiss"]
[EventRounds "9"]
[EventCountry "KAZ"]
[SourceTitle "CB27_2025"]
[SourceDate "2025.07.02"]
[SourceVersion "1"]
[SourceVersionDate "2025.07.02"]
[SourceQuality "1"]

1. c4 e5 2. e3 Nf6 3. b3 d5 4. cxd5 Nxd5 5. Bb2 Bd6 6. Ne2 0-0 7. Nbc3 Be6 8. d4 Nc6 9. Nxd5 Bxd5 10. Nc3 Bb4 11. dxe5 Nxe5 12. Qc2 Bc6 13. a3 Bd6 14. Ne4 Qh4 15. Nxd6 cxd6 16. Qc3 Rac8 17. Qb4 Qf6 18. Rd1 Rfe8 19. Ba1 Re6 20. Rg1 Qh6 21. h3 Ng6 22. Be2 Nh4 23. Qg4 f5 24. Qd4 Nxg2+ 25. Kd2 Rg6 26. b4 a6 27. a4 Kh8 28. b5 axb5 29. axb5 Be4 30. Rc1 Ra8 31. Rc7 Rg8 32. f3 Bd5 33. Re7 Qh4 34. Qxh4 Nxh4 35. Rxg6 Nxg6 36. Rc7 Nh4 37. f4 Nf3+ 38. Kd1 h6 39. Bd3 Nh4 40. Rd7 Bg2 41. Rxd6 Kh7 42. Rd7 Kg6 43. Bc4 Rf8 44. Rxg7+ Kh5 45. Bf7+ Rxf7 46. Rxf7 Be4 47. Bg7 Kg6 48. Rd7 Nf3 49. Bc3 Kh5 50. Rd6 Ng1 51. Bg7 Nxh3 52. Ke2 Kh4 53. Rg6 Kh5 54. Rxh6+ Kg4 55. Bc3 Kg3 56. Be1+ Kg2 57. Rg6+ Kh2 58. Bf2 Kh1 59. Rg7 Kh2 60. Bg3+ Kg2 61. Bh4+ Kh2 62. Bf6 Ng1+ 63. Kd2 Nf3+ 64. Kc3 Ne1 65. Bd4 Ng2 66. Re7 Bf3 67. Re5 Nh4 68. Kb4 Kg3 69. Ka5 Be4 70. Kb6 Kf3 71. Kc7 Ng2 72. Rc5 Ke2 73. Rc3 Ne1 74. b6 Nd3 75. Rc2+ Kf3 76. Ra2 Nb4 77. Ra7 Nd5+ 78. Kb8 Ke2 79. Rxb7 Nxe3 80. Re7 Nd5 81. Rxe4+ fxe4 82. b7 Kd3 83. Bg1 1-0

[Event "Sharjah Masters-A 8th"]
[Site "Sharjah"]
[Date "2025.05.24"]
[Round "8"]
[White "Indjic, Aleksandar"]
[Black "Sargsyan, Shant"]
[Result "1/2-1/2"]
[WhiteElo "2637"]
[BlackElo "2666"]
[PlyCount "91"]
[EventDate "2025.05.17"]
[EventType "swiss"]
[EventRounds "9"]
[EventCountry "UAE"]
[SourceTitle "CB22_2025"]
[SourceDate "2025.05.28"]
[SourceVersion "1"]
[SourceVersionDate "2025.05.28"]
[SourceQuality "1"]

1. d4 Nf6 2. c4 e6 3. Nf3 d5 4. Bg5 Be7 5. e3 h6 6. Bxf6 Bxf6 7. Qc2 0-0 8. h4 g6 9. Nc3 c5 10. dxc5 dxc4 11. Bxc4 Qa5 12. 0-0-0 Bxc3 13. Qxc3 Qxc3+ 14. bxc3 Nd7 15. c6 bxc6 16. Kc2 c5 17. Bb5 Nf6 18. Ne5 Bb7 19. f3 Rfc8 20. c4 Rc7 21. Rd6 Kf8 22. Rhd1 Rac8 23. g4 g5 24. hxg5 hxg5 25. f4 Kg7 26. Kb2 gxf4 27. exf4 Ne4 28. Rd7 Nf6 29. Rxc7 Rxc7 30. Rd8 Ne4 31. Be8 f6 32. Nd3 Ba6 33. Bb5 Bxb5 34. cxb5 Rb7 35. a4 a6 36. Ra8 axb5 37. a5 Rd7 38. Kc2 c4 39. Nb4 Rd2+ 40. Kc1 c3 41. Rc8 Rb2 42. a6 Rxb4 43. a7 Ra4 44. a8Q Rxa8 45. Rxa8 Nf2 46. g5 1/2-1/2

[Event "Sharjah Masters-A 8th"]
[Site "Sharjah"]
[Date "2025.05.22"]
[Round "6"]
[White "Sargsyan, Shant"]
[Black "Amar, Elham"]
[Result "1/2-1/2"]
[WhiteElo "2666"]
[BlackElo "2569"]
[PlyCount "84"]
[EventDate "2025.05.17"]
[EventType "swiss"]
[EventRounds "9"]
[EventCountry "UAE"]
[SourceTitle "CB22_2025"]
[SourceDate "2025.05.28"]
[SourceVersion "1"]
[SourceVersionDate "2025.05.28"]
[SourceQuality "1"]

1. d4 Nf6 2. c4 e6 3. Nc3 d5 4. cxd5 exd5 5. Bg5 c6 6. e3 h6 7. Bh4 Be7 8. Bd3 0-0 9. h3 Re8 10. Bg3 c5 11. Nf3 Nc6 12. 0-0 Be6 13. dxc5 Bxc5 14. Rc1 Bd6 15. Bxd6 Qxd6 16. Nb5 Qd7 17. Nbd4 Nxd4 18. Nxd4 Rec8 19. Qd2 Qd6 20. Rxc8+ Rxc8 21. Rc1 Rxc1+ 22. Qxc1 Bd7 23. Qc3 b6 24. Bf5 a5 25. Bxd7 Qxd7 26. f3 g6 27. Kf2 Kf8 28. a3 Ne8 29. Ne2 Kg8 30. Qe5 Qe6 31. Qb8 Kf8 32. Qf4 h5 33. Nc3 Nd6 34. Qd4 Nf5 35. Qh8+ Ke7 36. e4 dxe4 37. fxe4 Nd6 38. Nd5+ Kd7 39. Qd4 f5 40. Qg7+ Kd8 41. Qh8+ Kd7 42. Qg7+ Kd8 1/2-1/2

[Event "Sharjah Masters-A 8th"]
[Site "Sharjah"]
[Date "2025.05.17"]
[Round "1"]
[White "Sargsyan, Shant"]
[Black "Raja, Rithvik R"]
[Result "1-0"]
[WhiteElo "2666"]
[BlackElo "2545"]
[PlyCount "125"]
[EventDate "2025.05.17"]
[EventType "swiss"]
[EventRounds "9"]
[EventCountry "UAE"]
[SourceTitle "CB22_2025"]
[SourceDate "2025.05.28"]
[SourceVersion "1"]
[SourceVersionDate "2025.05.28"]
[SourceQuality "1"]

1. d4 Nf6 2. c4 e6 3. Nf3 d5 4. Nc3 Bb4 5. Bg5 h6 6. Bxf6 Qxf6 7. Qa4+ Nc6 8. e3 0-0 9. Be2 dxc4 10. 0-0 Bd6 11. Qxc4 Bd7 12. Ne4 Qe7 13. Rac1 Rac8 14. Nc5 Bxc5 15. Qxc5 Qxc5 16. Rxc5 Ne7 17. Ne5 Rfd8 18. Rfc1 c6 19. Ra5 a6 20. Ra3 Rc7 21. h4 g5 22. hxg5 hxg5 23. Bh5 f6 24. Bf7+ Kg7 25. Nxd7 Kxf7 26. Nc5 Nf5 27. Rb3 Nd6 28. a4 g4 29. e4 f5 30. f3 gxf3 31. gxf3 fxe4 32. fxe4 Rg8+ 33. Kf2 Ke8 34. e5 Rf7+ 35. Rf3 Rxf3+ 36. Kxf3 Nf5 37. Nxb7 Nxd4+ 38. Ke3 Rg4 39. Nd6+ Kd7 40. Ne4 Nf5+ 41. Kf3 Rh4 42. Nc5+ Ke7 43. a5 Nd4+ 44. Ke3 Nf5+ 45. Kd3 Rd4+ 46. Kc3 Rd5 47. b4 Nd4 48. Re1 Nb5+ 49. Kc4 Rd4+ 50. Kb3 Rh4 51. Nxa6 Rh3+ 52. Kb2 Rh2+ 53. Kc1 Rh4 54. Rg1 Kf7 55. Kd2 c5 56. Rf1+ Ke7 57. bxc5 Ra4 58. Nb8 Na7 59. a6 Rb4 60. Rh1 Rxb8 61. Rh7+ Kd8 62. Rxa7 Rb5 63. Rb7 1-0

[Event "Titled Tuesday intern op 01st Apr Early"]
[Site "Chess.com INT"]
[Date "2025.04.01"]
[Round "1"]
[White "Asgharzadeh, Mitra"]
[Black "Sargsyan, Shant"]
[Result "0-1"]
[WhiteElo "1984"]
[BlackElo "2666"]
[PlyCount "54"]
[EventDate "2025.04.01"]
[EventType "swiss (blitz)"]
[EventRounds "11"]
[EventCountry "USA"]
[SourceTitle "CB15_2025"]
[SourceDate "2025.04.09"]
[SourceVersion "1"]
[SourceVersionDate "2025.04.09"]
[SourceQuality "1"]

1. d4 g6 2. Nf3 Nf6 3. Bf4 Bg7 4. e3 0-0 5. Be2 d6 6. 0-0 b6 7. h3 Bb7 8. c3 c5 9. a4 Nc6 10. Nbd2 Nd7 11. Bh2 a6 12. Re1 Ra7 13. Qb3 Qa8 14. Nc4 b5 15. axb5 axb5 16. Rxa7 Nxa7 17. Na3 Bd5 18. Qc2 Qb7 19. Qd1 Rc8 20. Bf1 b4 21. Nc4 bxc3 22. bxc3 cxd4 23. Na5 Qc7 24. e4 Ba8 25. Qa4 Nc5 26. Qa2 dxc3 27. Ba6 Nxa6 0-1

[Event "Titled Tuesday intern op 01st Apr Late"]
[Site "Chess.com INT"]
[Date "2025.04.01"]
[Round "8"]
[White "Sargsyan, Shant"]
[Black "Nakamura, Hikaru"]
[Result "0-1"]
[WhiteElo "2666"]
[BlackElo "2804"]
[PlyCount "74"]
[EventDate "2025.04.01"]
[EventType "swiss (blitz)"]
[EventRounds "11"]
[EventCountry "USA"]
[SourceTitle "CB15_2025"]
[SourceDate "2025.04.09"]
[SourceVersion "1"]
[SourceVersionDate "2025.04.09"]
[SourceQuality "1"]

1. c4 e5 2. g3 Nf6 3. Bg2 c6 4. d4 exd4 5. Qxd4 d5 6. Nf3 Be6 7. cxd5 cxd5 8. 0-0 Nc6 9. Qa4 Bc5 10. Nc3 0-0 11. Bg5 h6 12. Bxf6 Qxf6 13. Rfd1 Rfd8 14. Rac1 Bb6 15. Rd2 Ne5 16. b3 Ng4 17. Nd1 Rac8 18. Qa3 Rxc1 19. Qxc1 Rc8 20. Rc2 Rxc2 21. Qxc2 Qa1 22. Bf1 g6 23. h3 Bxf2+ 24. Kg2 Ne3+ 25. Nxe3 Bxe3 26. Qd3 d4 27. Qe4 Bxh3+ 28. Kxh3 Qxf1+ 29. Kh2 Qxe2+ 30. Kh3 Qf1+ 31. Kh2 Qf2+ 32. Kh3 Qf1+ 33. Kh2 Qb5 34. Ne5 Qe2+ 35. Kh3 Qf1+ 36. Kh4 Bg5+ 37. Kg4 f5+ 0-1

[Event "Titled Tuesday intern op 01st Apr Early"]
[Site "Chess.com INT"]
[Date "2025.04.01"]
[Round "3"]
[White "Tekeyev, Zaur"]
[Black "Sargsyan, Shant"]
[Result "0-1"]
[WhiteElo "2412"]
[BlackElo "2666"]
[PlyCount "82"]
[EventDate "2025.04.01"]
[EventType "swiss (blitz)"]
[EventRounds "11"]
[EventCountry "USA"]
[SourceTitle "CB15_2025"]
[SourceDate "2025.04.09"]
[SourceVersion "1"]
[SourceVersionDate "2025.04.09"]
[SourceQuality "1"]

1. e4 g6 2. d4 Nf6 3. e5 Nh5 4. Be2 d6 5. Nf3 Bg7 6. exd6 Qxd6 7. 0-0 0-0 8. Na3 Nf4 9. Bc4 c6 10. c3 b5 11. Bb3 a6 12. Re1 Nd5 13. Bg5 Re8 14. Qd2 Bf5 15. c4 Nf6 16. Bf4 Qd8 17. Ne5 e6 18. Rac1 h5 19. Bg5 Qb6 20. Be3 Qb7 21. h3 Nbd7 22. Nf3 Rad8 23. Qa5 Rc8 24. Nh4 Ne4 25. Nxf5 exf5 26. c5 Ndf6 27. f3 Ng3 28. Bf2 h4 29. Nb1 Bh6 30. Rcd1 Ne2+ 31. Kf1 Ng3+ 32. Kg1 Bf4 33. Qc3 Ne2+ 34. Rxe2 Rxe2 35. Bxh4 Nh5 36. Qd3 Re3 37. Qf1 Ng3 38. Bxg3 Bxg3 39. Nc3 Rce8 40. d5 Re1 41. d6 Qd7 0-1

[Event "EU-ch 25th"]
[Site "Eforie Nord"]
[Date "2025.03.24"]
[Round "9"]
[White "Sargsyan, Shant"]
[Black "Lodici, Lorenzo"]
[Result "1-0"]
[WhiteElo "2666"]
[BlackElo "2559"]
[PlyCount "49"]
[EventDate "2025.03.15"]
[EventType "swiss"]
[EventRounds "11"]
[EventCountry "ROU"]
[SourceTitle "CB13_2025"]
[SourceDate "2025.03.26"]
[SourceVersion "1"]
[SourceVersionDate "2025.03.26"]
[SourceQuality "1"]

1. e4 e5 2. Nf3 Nc6 3. Bb5 a6 4. Ba4 Nf6 5. 0-0 Bc5 6. c3 b5 7. Bb3 d6 8. a4 Bg4 9. d3 0-0 10. h3 Bxf3 11. Qxf3 Na5 12. Bc2 b4 13. Bg5 h6 14. Bh4 Qe7 15. Nd2 Qe6 16. Qd1 bxc3 17. bxc3 Rab8 18. Kh1 g5 19. Bg3 Rb2 20. Nf3 Ba7 21. d4 exd4 22. e5 dxe5 23. Bxe5 Nc6 24. cxd4 Nb4 25. d5 1-0

[Event "Titled Tuesday intern op 04th Mar Early"]
[Site "Chess.com INT"]
[Date "2025.03.04"]
[Round "4"]
[White "Jumabayev, Rinat"]
[Black "Sargsyan, Shant"]
[Result "1-0"]
[WhiteElo "2549"]
[BlackElo "2666"]
[PlyCount "105"]
[EventDate "2025.03.04"]
[EventType "swiss (blitz)"]
[EventRounds "11"]
[EventCountry "USA"]
[SourceTitle "CB11_2025"]
[SourceDate "2025.03.12"]
[SourceVersion "1"]
[SourceVersionDate "2025.03.12"]
[SourceQuality "1"]

1. d4 g6 2. Nf3 Nf6 3. c4 Bg7 4. g3 0-0 5. Bg2 d6 6. 0-0 Nbd7 7. Nc3 e5 8. e4 Re8 9. Re1 b6 10. dxe5 dxe5 11. Be3 Bb7 12. Qc2 c6 13. h3 Qe7 14. a3 Nf8 15. Red1 N6d7 16. b4 Ne6 17. a4 a5 18. b5 c5 19. Nd5 Bxd5 20. cxd5 Nd4 21. Qd3 Nxf3+ 22. Bxf3 Qd6 23. h4 Rac8 24. Rac1 Red8 25. h5 Nf6 26. hxg6 hxg6 27. Kg2 Qe7 28. Rh1 Ne8 29. Qd2 Nd6 30. Bh6 Bxh6 31. Rxh6 Kg7 32. Rch1 Rh8 33. Qe3 Qf6 34. Bg4 Rcd8 35. Bf3 Nc4 36. Qc1 Nd6 37. Qe3 Rxh6 38. Qxh6+ Kg8 39. Rc1 Qg7 40. Qg5 f6 41. Qe3 Kf7 42. Bg4 Ke7 43. f4 Nf7 44. Rxc5 bxc5 45. Qxc5+ Rd6 46. Qc7+ Kf8 47. Be6 exf4 48. Bxf7 f3+ 49. Kxf3 Qxf7 50. Qxd6+ Kg7 51. b6 Kh6 52. Qf4+ Kh7 53. Qc7 1-0